[Event "Vrnjacka Banja"]
[Site "Vrnjacka Banja"]
[Date "1983.??.??"]
[Round "7"]
[White "Marjanovic, Slavoljub"]
[Black "Krnic, Zdenko"]
[Result "1/2-1/2"]
[WhiteElo "2435"]
[BlackElo "2430"]

1.e4 c5 2.Nf3 e6 3.d4 cxd4 4.Nxd4 Nc6 5.Nb5 d6 6.c4 Nf6 7.N1c3 a6 8.Na3 Be7
9.Be2 O-O 10.O-O Bd7 11.Be3 Rb8 12.f4 Qa5 13.Qe1 Rfc8 14.Kh1 Be8 15.Rb1 Nb4
16.Bd2 Qc5 17.Na4 Bxa4 18.Bxb4 Qc7 19.Bf3 e5 20.Qg3 Bc6 21.Rbe1 Re8 22.Bc3 Bf8
23.c5 Bb5 24.Nxb5 axb5 25.fxe5 dxe5 26.b4 b6 27.Bd1 Kh8 28.Rf5 bxc5 29.Bxe5 Rxe5
30.Qxe5 Qxe5 31.Rxe5 c4 32.a4 Bxb4 33.Rf1 bxa4 34.Bxa4 Bd6 35.Rb5 Rxb5 36.Bxb5 c3
37.Bd3 Kg8 38.Rf5 Ng4 39.Rd5 Be7 40.h3 Ne3 41.Rd7 Kf8 42.e5 Bh4 43.Rc7 Bg3
44.Rxc3 Bxe5 45.Ra3 h6 46.Kg1 Nd5 47.Kf2 Nc7 48.Bc4 Ne8 49.Ra8 Bd4+ 50.Ke2 Ke7
51.Kd3 Bc5 52.Ra5 Bg1 53.Ra1 Bh2 54.Ra7+ Nc7 55.Ke4 Bd6 56.Ra1 Bg3 57.Rf1 Ne6
58.Kd5 h5 59.Ra1 h4 60.Ra7+ Kf6 61.Ke4 Ng5+ 62.Ke3 g6 63.Bd5 Be5 64.Kd3 Bg3
65.Kc4 Bf2 66.Rb7 Ne6 67.Kb5 Be3 68.Bc4 Bg1 69.Rd7 g5 70.Bd5 Bh2 71.Kc4 Bg3
72.Ra7 Bf2 73.Ra6 Ke5 74.Ra3 Bg3 75.Ra2 Kf5 76.Ra7 Kf6 77.Kc3 Ke5 78.Kc4 Kf6
79.Rd7 Be5 80.Rb7 Bg3  1/2-1/2

[Event "Warsaw"]
[Site "Warsaw"]
[Date "1983.??.??"]
[Round "5"]
[White "Skrobek, Ryszard"]
[Black "Sznapik, Aleksander"]
[Result "0-1"]
[WhiteElo "2420"]
[BlackElo "2460"]

1.e4 c5 2.Nf3 Nc6 3.d4 cxd4 4.Nxd4 e6 5.Nb5 d6 6.Bf4 e5 7.Be3 Nf6 8.Bg5 Be6
9.Nd2 a6 10.Nc3 Rc8 11.Bc4 Nd4 12.Bb3 Be7 13.Bxf6 Bxf6 14.Nf1 Bg5 15.Ne3 Bxe3
16.fxe3 Nxb3 17.axb3 Qh4+ 18.g3 Qg5 19.Qd2 Rc6 20.Nd5 O-O 21.O-O h5 22.Rf3 Rc5
23.Nc3 Re8 24.Qxd6 h4 25.Qd2 Rd8 26.Qg2 h3 27.Qf2 Rc7 28.Qe1 Rcd7 29.Rf2 b5
30.Rxa6 b4 31.Nd5 Qg4 32.Ra1 Qxe4 33.c4 Rxd5 34.cxd5 Bxd5 35.Kf1 Bxb3 36.Rc1 Ba4
37.Kg1  0-1

[Event "OHRA"]
[Site "Amsterdam"]
[Date "1984.??.??"]
[Round "6"]
[White "Trepp, Markus"]
[Black "Langeweg, Kick"]
[Result "1-0"]
[WhiteElo "2340"]
[BlackElo "2415"]

1.e4 c5 2.Nf3 e6 3.d4 cxd4 4.Nxd4 Nc6 5.Nb5 d6 6.Bf4 e5 7.Be3 a6 8.N5c3 Nf6
9.Bc4 Na5 10.Be2 Be7 11.Nd5 Nxd5 12.exd5 b5 13.O-O O-O 14.Nd2 Qc7 15.b4 Nc4
16.Nxc4 bxc4 17.a4 Bd7 18.c3 Rac8 19.Qd2 Qb7 20.Rfd1 Rc7 21.b5 axb5 22.axb5 Bxb5
23.Rdb1 Qb8 24.Rb4 Qe8 25.Qb2 Bd7 26.Bxc4 f5 27.Ba6 f4 28.Bb6 Rc8 29.Bxc8 Bxc8
30.f3 Qh5 31.Ra7 Bf5 32.Bf2 Bf6 33.Rb8 Bd8 34.Raa8 Be7 35.Rxf8+ Bxf8 36.Qb8 Kf7
37.Qxd6  1-0

[Event "Berlin op"]
[Site "Berlin-West"]
[Date "1984.??.??"]
[Round "3"]
[White "Lobron, Eric"]
[Black "Kruszynski, Wlodzimierz"]
[Result "1-0"]
[WhiteElo "2495"]
[BlackElo "2385"]

1.e4 c5 2.Nf3 e6 3.d4 cxd4 4.Nxd4 Nc6 5.Nb5 d6 6.c4 Nf6 7.N1c3 a6 8.Na3 Be7
9.Be2 O-O 10.O-O b6 11.Be3 Bb7 12.Qb3 Nd7 13.Rad1 Nc5 14.Qc2 Bf6 15.Nab1 Qc7
16.a3 Rac8 17.Rd2 Nd7 18.Rfd1 Be7 19.b3 Rfd8 20.Qa2 Nce5 21.f3 Bc6 22.Kh1 Qb8
23.a4 Qc7 24.Na3 Bb7 25.Bf1 Nf6 26.Bg1 Nh5 27.Nc2 Bg5 28.Be3 Bxe3 29.Nxe3 Qc5
30.Nc2 Nf6 31.Qa3 Ne8 32.b4 Qc7 33.Ne3 h6 34.Ne2 Nd7 35.Nd4 Ne5 36.Nb3 Nd7
37.a5 Nb8 38.axb6 Qxb6 39.Na5 Ba8 40.Nc2 Qc7 41.Nb3 Bb7 42.Qa5 Nc6 43.Qxc7 Rxc7
44.c5 Rcd7 45.Na5 Nxa5 46.bxa5 Rc7 47.cxd6 Rxd6 48.Rxd6 Nxd6 49.Nb4 Nc8 50.Nxa6 Bxa6
51.Bxa6 Na7 52.h4 Rc5 53.Rd8+ Kh7 54.Rd7 Nb5 55.Bxb5 Rxb5 56.a6 Kg6 57.a7 Ra5
58.g4 Ra2 59.f4 h5 60.g5 f6 61.Kg1 fxg5 62.fxg5  1-0

[Event "Troll Masters"]
[Site "Gausdal"]
[Date "1984.??.??"]
[Round "2"]
[White "Hjartarson, Johann"]
[Black "Ogaard, Leif"]
[Result "1/2-1/2"]
[WhiteElo "2415"]
[BlackElo "2465"]

1.e4 c5 2.Nf3 e6 3.d4 cxd4 4.Nxd4 Nc6 5.Nb5 d6 6.c4 Nf6 7.N1c3 a6 8.Na3 Be7
9.Be2 O-O 10.O-O b6 11.Be3 Ne5 12.f3 Bb7 13.Bd4 Ned7 14.Qd2 Qc7 15.Rac1 Rac8
16.Rfd1 Rfe8 17.Bf1 Qb8 18.Kh1 Bd8 19.Qf2 Bc7 20.Qg1 Rcd8 21.b4 Rc8 22.Nab1 Bd8
23.Nd2 d5 24.exd5 exd5 25.c5 bxc5 26.bxc5 Rc6 27.g3 Qc7 28.Re1 Rce6 29.Bh3 Rxe1
30.Rxe1 Rxe1 31.Qxe1 Nxc5 32.Nb3 Nxb3 33.axb3 Qd6 34.Na4 Bc6 35.Bf1 Bb5 36.Bxb5 axb5
37.Bxf6 gxf6  1/2-1/2

[Event "Hamburg op"]
[Site "Hamburg"]
[Date "1984.??.??"]
[Round "9"]
[White "Hartman, Christer"]
[Black "Kruszynski, Wlodzimierz"]
[Result "1/2-1/2"]
[WhiteElo "2255"]
[BlackElo "2385"]

1.e4 c5 2.Nf3 e6 3.d4 cxd4 4.Nxd4 Nc6 5.Nb5 d6 6.Bf4 e5 7.Be3 Nf6 8.N1c3 a6
9.Na3 Rb8 10.Bg5 b5 11.Nd5 Be7 12.Bxf6 Bxf6 13.Bd3 Bg5 14.O-O O-O 15.c4 bxc4
16.Nxc4 Ne7 17.Nxe7+ Bxe7 18.Qe2 Bb7  1/2-1/2

[Event "Jajce (Women)"]
[Site "Jajce"]
[Date "1984.??.??"]
[Round "?"]
[White "Nikolin, Zorica"]
[Black "Fischdick, Gisela"]
[Result "1/2-1/2"]
[WhiteElo "2125"]
[BlackElo "2215"]

1.e4 c5 2.Nf3 e6 3.d4 cxd4 4.Nxd4 Nc6 5.Nb5 d6 6.c4 Nf6 7.N1c3 a6 8.Na3 Be7
9.Be2 O-O 10.O-O b6 11.Be3 Bb7 12.Qb3 Nd7 13.Rfd1 Nc5 14.Qc2 Bf6 15.Bf1 Bxc3
16.Qxc3 Nxe4 17.Qd3 Ne5 18.Qd4 Ng4 19.Qxb6 Nxe3 20.Qxe3 Qc7 21.f3 Nf6  1/2-1/2

[Event "Jajce (Women)"]
[Site "Jajce"]
[Date "1984.??.??"]
[Round "?"]
[White "Markovic, Gordana"]
[Black "Fischdick, Gisela"]
[Result "1/2-1/2"]
[WhiteElo "2160"]
[BlackElo "2215"]

1.e4 c5 2.Nf3 e6 3.d4 cxd4 4.Nxd4 Nc6 5.Nb5 d6 6.c4 Nf6 7.N1c3 a6 8.Na3 Be7
9.Be2 O-O 10.O-O b6 11.Be3 Bb7 12.f3 Rc8 13.Rc1 Ne5 14.Qd4 Nfd7 15.Bf2 Qc7
16.f4 Ng6 17.Qe3 Qb8 18.Kh1 Qa8 19.Bg3 Rfe8 20.Bf3 Nh4 21.Bxh4 Bxh4 22.Rcd1 Be7
23.e5 Bxf3 24.Qxf3 Qxf3 25.Rxf3 Red8 26.exd6 Bf6 27.b4 Rc6 28.Rd2 b5 29.c5 a5
30.Naxb5 axb4 31.Ne4 Rb8 32.Nc7 Bd8 33.f5 Bxc7 34.dxc7 Rxc7 35.fxe6 fxe6
36.h3 Nxc5 37.Rc2 Rbc8 38.Nd6 Rb8 39.Rf1 Rd7 40.Rxc5 Rxd6 41.Rb1 Rd2 42.Ra5 Rb7
43.Ra4 Kf7 44.Rb3  1/2-1/2

[Event "Jajce (Women)"]
[Site "Jajce"]
[Date "1984.??.??"]
[Round "?"]
[White "Erenska Radzewska, Hanna"]
[Black "Fischdick, Gisela"]
[Result "1-0"]
[WhiteElo "2225"]
[BlackElo "2215"]

1.e4 c5 2.Nf3 e6 3.d4 cxd4 4.Nxd4 Nc6 5.Nb5 d6 6.c4 Nf6 7.N1c3 a6 8.Na3 Be7
9.Be2 O-O 10.O-O b6 11.b3 Bb7 12.Bb2 Ne5 13.f4 Ned7 14.Bf3 Qc7 15.Rc1 Rad8
16.Qe2 Qb8 17.Nc2 Qa8 18.Rfe1 h6 19.Kh1 Rfe8 20.Rcd1 Nh7 21.Ne3 Nc5 22.Qc2 Nf6
23.Nf1 Rc8 24.Qe2 Bc6 25.Nd2 Red8 26.b4 Ncd7 27.Nb3 Nf8 28.Nd5 exd5 29.exd5 Ba4
30.Qxe7 Ng6 31.Qe3 Rxc4 32.Bxf6 gxf6 33.f5 Nf4 34.Be4 Rxe4 35.Qxe4 Nh5 36.Qh4  1-0

[Event "Moscow-ch"]
[Site "Moscow"]
[Date "1984.??.??"]
[Round "?"]
[White "Kuzmin, Alexey"]
[Black "Suetin, Alexey S"]
[Result "1/2-1/2"]
[WhiteElo "2365"]
[BlackElo "2405"]

1.e4 c5 2.Nf3 Nc6 3.d4 cxd4 4.Nxd4 e6 5.Nb5 d6 6.c4 Nf6 7.N1c3 a6 8.Na3 Be7
9.Be2 O-O 10.O-O Bd7 11.Be3 Rb8 12.Qb3 Be8 13.Rfd1 Nd7 14.Nab1 Qc7 15.a3 Bf6
16.Qc2 Na5 17.Nd2 Ne5 18.Rac1 Rc8 19.Qb1 Bd7 20.Na2 Ng6  1/2-1/2

[Event "Moscow-ch"]
[Site "Moscow"]
[Date "1984.??.??"]
[Round "?"]
[White "Kuzmin, Alexey"]
[Black "Andrianov, Nikolai"]
[Result "1-0"]
[WhiteElo "2365"]
[BlackElo "2400"]

1.e4 c5 2.Nf3 e6 3.d4 cxd4 4.Nxd4 Nc6 5.Nb5 Nf6 6.N1c3 d6 7.Bf4 e5 8.Bg5 a6
9.Na3 b5 10.Bxf6 gxf6 11.Nd5 f5 12.c3 Bg7 13.exf5 Bxf5 14.Nc2 O-O 15.Nce3 Be6
16.Bd3 f5 17.Bc2 Ne7 18.Nxe7+ Qxe7 19.Bxf5 Bxf5 20.Nxf5 Qf7 21.Qd5 Qxd5 22.Ne7+ Kf7
23.Nxd5 Rac8 24.f3 Ke6 25.O-O-O Rc5 26.Nb4 a5 27.Nd3 Rc4 28.Kb1 b4 29.cxb4 axb4
30.Rhe1 Rb8 31.Re4 Rxe4 32.fxe4 b3 33.axb3 Rxb3 34.Kc2 Rb8 35.Ra1 Bf6 36.b4 h5
37.Kb3 Rg8 38.Ra2 Rg4 39.Re2 d5 40.Nc5+ Kd6 41.Rd2 d4 42.Ra2 Bg5 43.Kc4 Be3
44.h3 Rf4 45.Ra6+ Ke7 46.Nd3 Rf1 47.b5 Rg1 48.Ra2 Kd6 49.Rb2 Ra1 50.b6 Ra3
51.Rb3 Rxb3 52.Kxb3 Kc6 53.Nxe5+ Kxb6 54.Kc4 Kc7 55.Kd5 h4 56.Nd3 Kd7 57.Nb4 Ke8
58.Nc2 Ke7 59.Nxd4 Bf2 60.e5 Kd7 61.Nf5 Be1 62.e6+ Ke8 63.Ke5 Bc3+ 64.Kf4 Be1
65.Kg5 Bf2 66.Kf6 Bc5 67.e7 Kd7 68.Kf7 Bxe7 69.Nxe7  1-0

[Event "Moscow-ch"]
[Site "Moscow"]
[Date "1984.??.??"]
[Round "?"]
[White "Vasiukov, Evgeni"]
[Black "Suetin, Alexey S"]
[Result "1-0"]
[WhiteElo "2460"]
[BlackElo "2405"]

1.e4 c5 2.Nf3 e6 3.d4 cxd4 4.Nxd4 Nc6 5.Nb5 d6 6.c4 Nf6 7.N1c3 a6 8.Na3 Be7
9.Be2 O-O 10.O-O b6 11.Be3 Ne5 12.f4 Ned7 13.Bf3 Bb7 14.Re1 Qc7 15.Rc1 Rac8
16.Bf2 Rfe8 17.Qd2 Ba8 18.h3 Nf8 19.g3 Qb8 20.Qe2 Rc7 21.Bg2 Rec8 22.Nab1 Rxc4
23.Na3 R4c7 24.Qxa6 N6d7 25.Qe2 Bc6 26.Nab5 Bxb5 27.Qxb5 Bf6 28.Ne2 Rc2 29.Rxc2 Rxc2
30.Rb1 Qa7 31.a4 Nc5 32.e5 dxe5 33.fxe5 Bxe5 34.b4 Ncd7 35.a5 h5 36.Rd1 Qc7
37.axb6 Qc4 38.Qxc4 Rxc4 39.b5 f6 40.Bc6 Nb8 41.Be8 Rc2 42.Kf1 Rc8 43.Bxh5 Nfd7
44.b7 Rc4 45.Nd4 Bxd4 46.Bxd4 Kf8 47.Bb2 Ra4 48.Rd3 g6 49.Bxg6 f5 50.Ba3+ Kg7
51.Be8  1-0

[Event "New York op"]
[Site "New York"]
[Date "1984.??.??"]
[Round "3"]
[White "Ljubojevic, Ljubomir"]
[Black "Frias, Victor J"]
[Result "1/2-1/2"]
[WhiteElo "2635"]
[BlackElo "2425"]

1.e4 c5 2.Nf3 e6 3.d4 cxd4 4.Nxd4 Nc6 5.Nb5 d6 6.c4 Nf6 7.N1c3 a6 8.Na3 Be7
9.Be2 O-O 10.O-O Nd7 11.Nc2 Nc5 12.Bf4 Re8 13.Rb1 Ne5 14.Qd2 Bd7 15.Rfd1 Bc6
16.f3 Qc7 17.Nd4 Na4 18.Rbc1 Nxc3 19.Qxc3 b6 20.Rd2 Rec8 21.Rdc2 Be8 22.Qd2 Qb7
23.Be3 Nc6 24.a3 Nxd4 25.Bxd4 b5 26.b4 bxc4 27.Bxc4 Bb5 28.Bb3 h6 29.Be3 Bd7
30.Rxc8+ Rxc8 31.Rxc8+ Bxc8 32.Qc3 Bd7 33.Bd4 Bf8 34.Kf2 Bc6 35.Bc2 Bb5 36.Ke1 Qb8
37.Bd3 Qb7 38.Kd2 d5 39.Bc5 Bxd3 40.Bxf8 Kxf8 41.Qc5+ Ke8 42.Kxd3 dxe4+ 43.fxe4 Qd7+
44.Kc3 f5 45.exf5 exf5 46.Qc4 Qd6 47.Qg8+ Kd7 48.Qf7+ Kc6 49.Qxf5 Qxh2 50.Qg6+ Kb7
51.Qxg7+ Kc6 52.Qf6+ Kb7 53.Qe7+ Kb6 54.Qc5+ Kb7 55.Qd5+ Kb6 56.Kb3 Qg3+
57.Ka4 Qe3 58.Qg8 Kb7 59.g4 Qc1 60.Qd5+ Kb6 61.Qd4+ Kb7 62.Qd6 Qe3 63.Qg6 Qc1
64.Qe4+ Kb6 65.Qd4+ Kb7 66.Kb3 Qb1+ 67.Kc4 Qc1+ 68.Kd5 Qxa3 69.Qg7+ Kb8 70.Qf8+ Kb7
71.Qe7+ Kb6 72.Qc5+ Kb7 73.Qc6+ Kb8 74.Qb6+ Kc8 75.Ke6 Qd3 76.Qc6+ Kb8 77.Qd6+ Qxd6+
78.Kxd6 Kb7 79.Ke6 Kb6 80.Kf6 Kb5 81.Kg6 Kxb4 82.Kxh6 a5 83.g5  1/2-1/2

[Event "CAN-ch"]
[Site "Ottawa"]
[Date "1984.??.??"]
[Round "12"]
[White "Morrison, Robert"]
[Black "Piasetski, Leon David"]
[Result "1/2-1/2"]
[WhiteElo "2380"]
[BlackElo "2390"]

1.e4 c5 2.Nf3 e6 3.d4 cxd4 4.Nxd4 Nc6 5.Nb5 d6 6.Bf4 e5 7.Be3 Nf6 8.Nd2 a6
9.Nc3 Be6 10.Nc4 b5 11.Nb6 Rb8 12.a4 Ng4 13.Nbd5 b4 14.Nb1 Ne7 15.Bxa6 Nxd5
16.exd5 Nxe3 17.fxe3 Qh4+ 18.Kf1 Bd7 19.Nd2 Be7 20.Qe2 O-O 21.Bb5 Bxb5 22.axb5 Rfc8
23.Nb3 Qe4 24.Qd3 Qxd3+ 25.cxd3 Rc2 26.Ra7 Bg5 27.b6 Bxe3 28.d4 g6 29.b7 Kg7
30.Na5 Bxd4 31.Ra8 Rxb7 32.Nxb7 Rc1+ 33.Ke2 Rxh1 34.Nxd6 Bxb2 35.Ne8+ Kh6
36.d6 Bd4 37.d7 Bb6 38.Rb8 Ba5 39.Ra8 Bb6 40.Rb8 Ba5 41.Ra8  1/2-1/2

[Event "CSR-ch"]
[Site "Sumperk"]
[Date "1984.??.??"]
[Round "3"]
[White "Mokry, Karel"]
[Black "Jansa, Vlastimil"]
[Result "1/2-1/2"]
[WhiteElo "2435"]
[BlackElo "2475"]

1.e4 c5 2.Nf3 e6 3.d4 cxd4 4.Nxd4 Nc6 5.Nb5 d6 6.c4 Nf6 7.N1c3 a6 8.Na3 Be7
9.Be2 O-O 10.O-O b6 11.Be3 Ne5 12.Qb3 Ned7 13.Rfd1 Qc7 14.Rac1 Bb7  1/2-1/2

[Event "Thessaloniki ol (Women)"]
[Site "Thessaloniki"]
[Date "1984.??.??"]
[Round "8"]
[White "Liu Shilan"]
[Black "Cramling, Pia"]
[Result "0-1"]
[WhiteElo "2200"]
[BlackElo "2405"]

1.e4 c5 2.Nf3 e6 3.d4 cxd4 4.Nxd4 Nc6 5.Nb5 d6 6.c4 Nf6 7.N5c3 Be7 8.Be2 O-O
9.O-O b6 10.b3 Bb7 11.Bb2 Rc8 12.f4 a6 13.Nd2 Re8 14.Rc1 Nd7 15.Nf3 Nf8 16.Kh1 Nb8
17.Bd3 Ng6 18.f5 Ne5 19.fxe6 fxe6 20.Nxe5 dxe5 21.Qf3 Bf6 22.Rcd1 Qe7 23.Ne2 Nc6
24.Ng3 Rf8 25.Qe2 g6 26.Qg4 Bg7 27.Bc1 Rxf1+ 28.Bxf1 Nd4 29.Be3 Rf8 30.Kg1 Qf7
31.Bd3 Qd7 32.h4 Qe8 33.Ne2 h5 34.Qg3 Kh7 35.Bxd4 exd4 36.e5 Bh6 37.Nxd4 Rf4
38.Nf3 Rg4 39.Qf2 Bf8 40.Kf1 Bc5 41.Qe2 Qf8 42.Ke1 Bb4+ 43.Kf1 Rxh4 44.Qf2 Bxf3
45.gxf3 Qf4 46.Qg2 Rg4 47.Qh3 Kh6 48.Be4 Bc5 49.Rd3 Rg3  0-1

[Event "Thessaloniki ol (Women)"]
[Site "Thessaloniki"]
[Date "1984.??.??"]
[Round "11"]
[White "Rizzo, Marina"]
[Black "Cramling, Pia"]
[Result "0-1"]
[WhiteElo "1900"]
[BlackElo "2405"]

1.e4 c5 2.Nf3 e6 3.d4 cxd4 4.Nxd4 Nc6 5.Nb5 d6 6.c4 Nf6 7.N1c3 a6 8.Na3 Be7
9.Be2 O-O 10.O-O b6 11.Be3 Ne5 12.f3 Bb7 13.Qb3 Ned7 14.Rfd1 Qc7 15.Rac1 Rac8
16.Bf1 Kh8 17.Qc2 Rg8 18.Qd2 Qb8 19.Nc2 Ne5 20.b3 g5 21.Ne1 Nfd7 22.g3 Rg6
23.Bg2 Rcg8 24.Bd4 f6 25.Qf2 Bc6 26.Nd3 Nc5 27.Nxc5 dxc5 28.Be3 Be8 29.Rc2 Nc6
30.Rcd2 h5 31.Ne2 R6g7 32.f4 g4 33.a3 e5 34.f5 Nd4 35.Bh6 Rh7 36.Qe3 b5 37.Nc3 Nxb3
38.Nd5 Nxd2 39.Nxe7 Rxe7 40.Rxd2 Bf7 41.Qxc5 Qc7 42.Qd6 Qxd6 43.Rxd6 bxc4
44.Rxf6 Rc7 45.Bf1 c3 46.Bd3 Rb8  0-1

[Event "Tirnavia"]
[Site "Trnava"]
[Date "1984.??.??"]
[Round "1"]
[White "Mokry, Karel"]
[Black "Plaskett, Jim"]
[Result "1-0"]
[WhiteElo "2435"]
[BlackElo "2475"]

1.e4 c5 2.Nf3 e6 3.d4 cxd4 4.Nxd4 Nc6 5.Nb5 Bc5 6.Bf4 Qf6 7.Qc1 Kf8 8.N1c3 a6
9.Bd6+ Bxd6 10.Nxd6 Qd4 11.Qf4 Nf6 12.Rd1 Qb4 13.Qd2 Ne8 14.Nc4 b5 15.a3 Qc5
16.b4 Qe7 17.Ne3 Nf6 18.Be2 Bb7 19.O-O Rd8 20.f4 d6 21.Bf3 Qc7 22.Ne2 Ke7
23.Qc3 Rd7 24.e5 dxe5 25.fxe5 Nxe5 26.Rxd7+ Kxd7 27.Bxb7  1-0

[Event "Tunja"]
[Site "Tunja"]
[Date "1984.??.??"]
[Round "3"]
[White "Garcia Martinez, Silvino"]
[Black "Cuartas, Carlos"]
[Result "1-0"]
[WhiteElo "2450"]
[BlackElo "2330"]

1.e4 c5 2.Nf3 Nc6 3.d4 cxd4 4.Nxd4 e6 5.Nb5 d6 6.c4 Nf6 7.N5c3 Be7 8.Be2 O-O
9.O-O b6 10.Bf4 Bb7 11.Re1 Rc8 12.Bf1 a6 13.Nd2 Ne5 14.Bg3 Qc7 15.Rc1 Rfd8
16.a3 Qb8 17.b4 Ned7 18.f4 g6 19.Be2 Bf8 20.Bf3 Bg7 21.Qe2 Re8 22.e5 Bxf3
23.Nxf3 dxe5 24.fxe5 Nh5 25.Bf2 Nxe5 26.Nxe5 Nf4 27.Qf3 Bxe5 28.Na4 Bc7 29.Rf1 Rcd8
30.Nxb6 Bxb6 31.Bxb6 Qxb6+ 32.c5 Qc7 33.Qxf4 e5 34.Qc4 e4 35.Rce1 Re6 36.Rxe4 Rxe4
37.Qxe4 a5 38.Qf4 Qe7 39.h3 Rd3 40.Qc4 Rxa3 41.b5 Re3 42.c6 Qa7 43.b6  1-0

[Event "URS Cup"]
[Site "URS"]
[Date "1984.??.??"]
[Round "?"]
[White "Polovodin, Igor A"]
[Black "Tseshkovsky, Vitaly"]
[Result "1/2-1/2"]
[WhiteElo "2445"]
[BlackElo "2505"]

1.e4 c5 2.Nf3 e6 3.d4 cxd4 4.Nxd4 Nc6 5.Nb5 d6 6.c4 Nf6 7.N1c3 a6 8.Na3 Be7
9.Be2 O-O 10.O-O b6 11.Be3 Rb8 12.Qd2 Re8 13.Rfd1 Bb7 14.f3 Ne5 15.Rac1 Bf8
16.Kh1 Ng6 17.Bf1 Ba8 18.Qf2 Nd7 19.Nc2 Qc7 20.Bd2 Be7 21.Nd4 Bh4 22.Qe2 Qd8
23.Be3 Qe7 24.Qd2 Qf8 25.Bg5 Bxg5 26.Qxg5 Nde5 27.Qd2 Red8 28.b3 Qe7 29.Qe3 h5
30.a4 h4 31.h3 Nd7 32.Rd2 Nf6 33.Rcd1 Nh5 34.Nde2 e5 35.Rd3 Ngf4 36.Nxf4 Nxf4
37.R3d2 Kf8 38.b4 Kg8 39.c5 dxc5 40.Rxd8+ Rxd8 41.Rxd8+ Qxd8 42.bxc5 bxc5
43.Qxc5 Qd4 44.Qc8+  1/2-1/2

[Event "Vrnjacka Banja"]
[Site "Vrnjacka Banja"]
[Date "1984.??.??"]
[Round "?"]
[White "Matulovic, Milan"]
[Black "Krnic, Zdenko"]
[Result "1-0"]
[WhiteElo "2465"]
[BlackElo "2410"]

1.e4 c5 2.Nf3 e6 3.d4 cxd4 4.Nxd4 Nc6 5.Nb5 Bc5 6.Be2 Nf6 7.N1c3 d6 8.Bf4 e5
9.Be3 O-O 10.Bxc5 dxc5 11.Qxd8 Rxd8 12.f3 Nd4 13.O-O-O Bd7 14.Rhe1 Bc6 15.Na3 Nxe2+
16.Rxe2 Rd4 17.b3 Rad8 18.Red2 Rxd2 19.Rxd2 Rxd2 20.Kxd2 Nd7 21.Nab5 Bxb5
22.Nxb5 a6 23.Nd6 b5 24.a4 bxa4 25.bxa4 Kf8 26.Kc3 Ke7 27.Nb7 f5 28.exf5 Kf6
29.a5 Kxf5 30.Kc4 e4 31.fxe4+ Ke5 32.Nxc5 Nb8 33.Kd3 Nc6 34.Nxa6 Nxa5 35.Nc5 g5
36.Nb3 Nc6 37.Ke3 g4 38.Nc5 h5 39.Nd3+ Kf6 40.c3 Na5 41.Kf4 Nc4 42.e5+ Kg6
43.Nb4 Nb6 44.Ke4  1-0

[Event "Baden-Baden"]
[Site "Baden-Baden"]
[Date "1985.??.??"]
[Round "13"]
[White "Geller, Efim P"]
[Black "Janssen, Han"]
[Result "1/2-1/2"]
[WhiteElo "2520"]
[BlackElo "2295"]

1.e4 c5 2.Nf3 e6 3.d4 cxd4 4.Nxd4 Nc6 5.Nb5 d6 6.c4 Nf6 7.N1c3 a6 8.Na3 Be7
9.Be2 O-O 10.O-O b6 11.Be3 Bd7 12.Rc1 Ra7 13.f4 Qb8 14.Bf3  1/2-1/2

[Event "Midwest Masters"]
[Site "Chicago"]
[Date "1985.??.??"]
[Round "2"]
[White "Zingheim, S."]
[Black "Sandrin, A."]
[Result "1-0"]
[WhiteElo "2200"]
[BlackElo "2200"]

1.e4 c5 2.Nf3 Nc6 3.d4 cxd4 4.Nxd4 e6 5.Nb5 d6 6.Bf4 e5 7.Be3 Nf6 8.Bg5 Qa5+
9.Qd2 Nxe4 10.Qxa5 Nxa5 11.Be3 Kd7 12.N1c3 Nxc3 13.Nxc3 Be7 14.O-O-O b6 15.Bb5+ Nc6
16.Rd2 Bb7 17.Rhd1 f5 18.f4 e4 19.Bd4 a6 20.Bxc6+ Kxc6 21.Bxg7 Rhg8 22.Bf6 Bxf6
23.Rxd6+ Kc7 24.Rxf6 Rxg2 25.Rf7+ Kc6 26.Rdd7 e3 27.Rc7+ Kd6 28.Rfd7+ Ke6
29.Rxb7  1-0

[Event "Frunze"]
[Site "Frunze"]
[Date "1985.??.??"]
[Round "8"]
[White "Imanaliev, Taalaibek"]
[Black "Romanishin, Oleg M"]
[Result "0-1"]
[WhiteElo "2385"]
[BlackElo "2570"]

1.e4 c5 2.Nf3 e6 3.d4 cxd4 4.Nxd4 Nc6 5.Nb5 d6 6.c4 Nf6 7.N1c3 a6 8.Na3 Be7
9.Be2 O-O 10.O-O b6 11.Be3 Bb7 12.Qb3 Nd7 13.Rfd1 Re8 14.Rac1 Rc8 15.Rd2 Nce5
16.Qd1 Qc7 17.Kh1 Ng6 18.Qg1 Bf6 19.Nab1 Qb8 20.Rcd1 Be5 21.f3 Bc6 22.Bd4 Bf4
23.Be3 Be5 24.Bd4 b5 25.cxb5 axb5 26.b4 Bf4 27.Be3 d5 28.exd5 exd5 29.Bxf4 Nxf4
30.Bf1 Ne5 31.Rd4 Ne6 32.Rxd5 Bxd5 33.Rxd5 Nc7 34.Rd1 Nc4 35.Ne4 Rcd8 36.Rxd8 Qxd8
37.Nbc3 Nd2 38.Qf2 Nxf1 39.Qxf1 f5 40.Ng3 Qd2 41.Nce2 Nd5  0-1

[Event "Gausdal zt"]
[Site "Gausdal"]
[Date "1985.??.??"]
[Round "?"]
[White "Westerinen, Heikki MJ"]
[Black "Hansen, Curt"]
[Result "1/2-1/2"]
[WhiteElo "2420"]
[BlackElo "2505"]

1.e4 c5 2.Nf3 e6 3.d4 cxd4 4.Nxd4 Nc6 5.Nb5 d6 6.c4 Nf6 7.f3 a6 8.N5c3 Be7
9.Be3 O-O 10.Be2 Re8 11.O-O b6 12.Qd2 Bb7 13.Rd1 Ne5 14.Qe1 Qc7 15.Nd2 Rad8
16.Rac1 Ba8 17.Qf2 Ned7 18.a3 Qb8 19.b4 d5 20.cxd5 exd5 21.exd5 Bd6 22.Nf1 a5
23.Rb1 axb4 24.axb4 Be5 25.Bd4 Bxd5 26.Bb5 Be6 27.Bxe5 Qxe5 28.Qd4 Qc7 29.Ne2 Ne5  1/2-1/2

[Event "Kecskemet op"]
[Site "Kecskemet "]
[Date "1985.??.??"]
[Round "8"]
[White "Horvath, Jozsef"]
[Black "Horvath, Gyula"]
[Result "1-0"]
[WhiteElo "2520"]
[BlackElo "2350"]

1.e4 c5 2.Nf3 Nc6 3.d4 cxd4 4.Nxd4 e6 5.Nb5 d6 6.c4 Nf6 7.N1c3 a6 8.Nd4 Bd7
9.Nc2 Rc8 10.Ne3 Be7 11.Be2 O-O 12.O-O Qc7 13.b3 Rfd8 14.Bb2 Qb8 15.a4 Be8
16.Kh1 Na7 17.Qd3 Nd7 18.Ng4 Ne5 19.Qg3 Nxg4 20.Qxg4 Bf6 21.f4 Nc6 22.Rae1 Nd4
23.Bd3 Bc6 24.Ne2 Qa7 25.Ng3 g6 26.Nh5 Be7 27.f5 e5 28.fxg6 hxg6 29.Rxf7 Kxf7
30.Rf1+ Nf5 31.Rxf5+ gxf5 32.Qxf5+ Kg8 33.Qg6+ Kf8 34.Qg7+  1-0

[Event "WchT U26"]
[Site "Mendoza"]
[Date "1985.??.??"]
[Round "10"]
[White "Paavilainen, Jorma"]
[Black "Belkhodja, Slim"]
[Result "0-1"]
[WhiteElo "2315"]
[BlackElo "2385"]

1.e4 c5 2.Nf3 e6 3.d4 cxd4 4.Nxd4 Nc6 5.Nb5 d6 6.c4 Nf6 7.N1c3 a6 8.Na3 Be7
9.Be2 O-O 10.O-O b6 11.Nc2 Bb7 12.Ne3 Rc8 13.f3 Ne5 14.Qd2 Qc7 15.Rd1 Rfd8
16.Qe1 Ng6 17.Bf1 Bf8 18.Kh1 h5 19.Qf2 h4 20.Bd2 Nh5 21.Rac1 Ba8 22.Nc2 d5
23.Be3 Qe5 24.Bd4 Qg5 25.Be3 Qe5 26.Bd4 Qg5 27.Be3 Ngf4 28.Ne2 dxe4 29.Nxf4 Nxf4
30.Be2 Rxd1+ 31.Rxd1 Bc5 32.fxe4 Bxe3 33.Nxe3 Bxe4 34.Bf3 Nd3 35.Qe2 Bxf3
36.Qxf3 Nxb2 37.Rf1 Rf8 38.Qe4 b5 39.cxb5 axb5 40.Rb1 Nc4 41.Nxc4 bxc4 42.Qxc4 h3
43.Rg1 Qf5 44.Qc3 Ra8 45.gxh3 g6 46.Rd1 Kh7 47.a3 Rd8 48.Qb3 Rd2 49.Re1 Re2  0-1

[Event "WchT U26"]
[Site "Mendoza"]
[Date "1985.??.??"]
[Round "11"]
[White "Kudrin, Sergey"]
[Black "Renet, Olivier"]
[Result "0-1"]
[WhiteElo "2485"]
[BlackElo "2375"]

1.e4 c5 2.Nf3 e6 3.d4 cxd4 4.Nxd4 Nc6 5.Nb5 d6 6.c4 Nf6 7.N1c3 a6 8.Na3 Be7
9.Be2 O-O 10.O-O b6 11.Be3 Ne5 12.f4 Ned7 13.Bf3 Bb7 14.Qe2 Rc8 15.Rac1 Re8
16.Bf2 h6 17.Nab1 Qc7 18.Nd2 Bf8 19.a4 a5 20.Rcd1 Ba6 21.Nb5 Bxb5 22.axb5 Red8
23.h4 Nh7 24.Bg4 Be7 25.Rc1 Bf6 26.Nf3 Nc5 27.Kh1 Nf8 28.Bh3 Qb7 29.Rfe1 Rc7
30.h5 Nh7 31.g4 e5 32.g5 hxg5 33.fxg5 Bxg5 34.Nxg5 Nxg5 35.Bf5 g6 36.Bh4 gxf5
37.Bxg5 Nxe4 38.Bxd8 Ng3+ 39.Kh2 Nxe2 40.Rxe2 Rc8 41.Bf6 Kh7 42.Rg2 Rg8 43.Rxg8 Kxg8
44.Rg1+ Kf8  0-1

[Event "Prague zt"]
[Site "Prague"]
[Date "1985.??.??"]
[Round "14"]
[White "Mokry, Karel"]
[Black "Sznapik, Aleksander"]
[Result "1/2-1/2"]
[WhiteElo "2490"]
[BlackElo "2450"]

1.e4 c5 2.Nf3 e6 3.d4 cxd4 4.Nxd4 Nc6 5.Nb5 d6 6.c4 Nf6 7.N1c3 a6 8.Na3 Be7
9.Be2 O-O 10.O-O Bd7 11.Be3 b6 12.f3 Ra7 13.Qe1 Qb8 14.Qf2 Rb7 15.Rfd1 Rd8
16.Rd2 Be8 17.Rad1 Ne5 18.Qf1 h6 19.Kh1 Ng6 20.g3 Ne5 21.Bg1 Bc6 22.Nc2 Rbd7
23.Nd4 Ba8 24.Be3 d5 25.cxd5 exd5 26.exd5 Nxd5 27.Nxd5 Rxd5 28.Nf5 Bf8 29.Rxd5 Rxd5
30.Rxd5 Bxd5 31.Kg1 b5 32.b3 Qb7 33.Nd4 Bc5 34.f4 Nc6 35.Nf5 Bxe3+ 36.Nxe3 Be4
37.Qd1 Qb6 38.Kf2 Nd4 39.Bd3 Bb7 40.Qc1 g5 41.fxg5 hxg5 42.Ng4 Nxb3+ 43.Qe3 Qxe3+
44.Kxe3 Nc5 45.Bf5 Kg7 46.h4 gxh4 47.gxh4 Bd5 48.Kd4 Be6 49.Ne3 Nd7 50.a3 Bxf5
51.Nxf5+ Kf6 52.Ne3 Kg6 53.Nd5 Kf5 54.Nb4 Nb8 55.Nd3 Nc6+ 56.Kd5 Na5 57.Nb4 Nc4
58.Nxa6 Nxa3 59.Kc5 Kg4 60.Kb4 Nc2+ 61.Kxb5 f5 62.Nc5 Kxh4 63.Ne6  1/2-1/2

[Event "Wch U20"]
[Site "Sharjah"]
[Date "1985.??.??"]
[Round "3"]
[White "Horvath, Csaba"]
[Black "Murshed, Niaz"]
[Result "1/2-1/2"]
[WhiteElo "2330"]
[BlackElo "2415"]

1.e4 c5 2.Nf3 e6 3.d4 cxd4 4.Nxd4 Nc6 5.Nb5 d6 6.c4 Nf6 7.N1c3 a6 8.Na3 Be7
9.Be2 O-O 10.O-O b6 11.Be3 Ne5 12.f4 Ned7 13.Bf3 Bb7 14.Qe2 Rc8 15.Rac1 Qc7
16.Kh1 Rfe8 17.g4 Nc5 18.Qg2 g5 19.e5  1/2-1/2

[Event "Hoogovens-B"]
[Site "Wijk aan Zee"]
[Date "1985.??.??"]
[Round "1"]
[White "Van der Sterren, Paul"]
[Black "De Boer, Gert Jan"]
[Result "1/2-1/2"]
[WhiteElo "2450"]
[BlackElo "2400"]

1.e4 c5 2.Nf3 Nc6 3.d4 cxd4 4.Nxd4 e6 5.Nb5 d6 6.c4 Nf6 7.N1c3 a6 8.Na3 Be7
9.Be2 O-O 10.O-O b6 11.Be3 Ne5 12.f3 Bb7 13.Qb3 Ned7 14.Rad1 Qc7 15.Nab1 Rac8
16.a3  1/2-1/2